| 000 | 00401nam a2200109Ia 4500 | ||
|---|---|---|---|
| 008 | 171204s9999 xx 000 0 und d | ||
| 245 | 4 | _aThe Oxford Handbook of Applied Nonparametric and Semiparametric Econometrics and Statistics: | |
| 245 | _cAman Ullah, Jeffrey Racine, and Liangjun Su | ||
| 260 | _c2014 | ||
| 650 | _xADVANCED STATISTICS 1 | ||
| 856 | _uhttp://down.ebook777.com/049/9780199857944.pdf | ||
| 999 |
_c346920 _d346920 |
||